[Event "Schachbezirk Mittelfranken B BezEM 2025"]
[Site "Nürnberg"]
[Date "2025.06.08"]
[Round "5.1"]
[White "Schäfer, Ann-Kathrin"]
[Black "Weißmann, Peter"]
[Result "1/2-1/2"]
[WhiteElo "1795"]
[BlackElo "1813"]
[PlyCount "66"]
[GameId "2192687497458667"]
[EventDate "2025.??.??"]
[WhiteTeam "SC JÄKLECHEMIE"]
[BlackTeam "SG 1882 Fürth"]

1. d4 Nf6 2. Nf3 e6 3. e3 b6 4. Bd3 Bb7 5. O-O d5 6. b3 Nbd7 7. Bb2 Be7 8. Ne5 O-O 9. Nd2 c5 10. Nxd7 Qxd7 11. dxc5 bxc5 12. c4 Rfd8 13. Nf3 dxc4 14. Bxc4 Qc6 15. Qe2 Qe4 16. Ba6 Bd5 17. Rac1 Qg4 18. Ne1 Qxe2 19. Bxe2 Be4 20. Bf3 Bxf3 21. Nxf3 Nd5 22. Ne5 Rac8 23. Rc4 Nb4 24. Rfc1 Nxa2 25. Ra1 Rd2 26. Ba3 Rcd8 27. g3 Bf6 28. Rxc5 Bxe5 29. Rxe5 Rd1+ 30. Rxd1 Rxd1+ 31. Kg2 Rd5 32. Rxd5 exd5 33. Bc5 a6 1/2-1/2

[Event "Schachbezirk Mittelfranken B BezEM 2025"]
[Site "Nürnberg"]
[Date "2025.06.08"]
[Round "5.2"]
[White "Werner, Norbert"]
[Black "Dippel, Jörg"]
[Result "1/2-1/2"]
[WhiteElo "1771"]
[BlackElo "1901"]
[PlyCount "28"]
[GameId "2192693418398720"]
[EventDate "2025.??.??"]
[WhiteTeam "SW Nürnberg Süd e.V"]
[BlackTeam "Anderssen Nbg 1929 e.V."]

1. d4 d5 2. Nf3 e6 3. c4 c6 4. Qc2 Bd6 5. Nbd2 f5 6. e3 a5 7. b3 Qe7 8. Bd3 Bd7 9. Bb2 Nf6 10. Ne5 Ne4 11. Bxe4 fxe4 12. f4 O-O 13. O-O Be8 14. Rf2 Nd7 1/2-1/2

[Event "Schachbezirk Mittelfranken B BezEM 2025"]
[Site "Nürnberg"]
[Date "2025.06.08"]
[Round "5.3"]
[White "Jain, Vihaan"]
[Black "Balhar, Michael"]
[Result "0-1"]
[WhiteElo "1623"]
[BlackElo "1831"]
[PlyCount "38"]
[GameId "2192977359967247"]
[EventDate "2025.??.??"]
[WhiteTeam "SK 1911 Herzogenaurach e.V."]
[BlackTeam "SC Erlangen 48/88"]

1. e4 c5 2. c3 Nf6 3. e5 Nd5 4. d4 cxd4 5. cxd4 e6 6. Nf3 Nc6 7. Bc4 Nb6 8. Bb3 d6 9. O-O dxe5 10. dxe5 Qxd1 11. Rxd1 Be7 12. Nc3 O-O 13. Bf4 Bd7 14. Nb5 Nxe5 15. Nfd4 Nc6 16. Nf3 Ne5 17. Nfd4 Ng6 18. Bd6 e5 19. Bxe7 Nxe7 0-1

[Event "Schachbezirk Mittelfranken B BezEM 2025"]
[Site "Nürnberg"]
[Date "2025.06.08"]
[Round "5.4"]
[White "Lang, Franz"]
[Black "Hanek, Erik"]
[Result "1/2-1/2"]
[WhiteElo "1782"]
[BlackElo "1546"]
[PlyCount "47"]
[GameId "2192980568503672"]
[EventDate "2025.??.??"]
[WhiteTeam "SG Eckental"]
[BlackTeam "SW Nürnberg Süd e.V"]

1. e4 c6 2. Nc3 d5 3. d4 dxe4 4. f3 exf3 5. Nxf3 Nf6 6. Bc4 e6 7. O-O Be7 8. Qe1 O-O 9. Bg5 Nbd7 10. Qh4 Re8 11. Rae1 b6 12. Bd3 Nf8 13. Ne5 Bb7 14. Nxf7 Kxf7 15. Bxh7 N8xh7 16. Qxh7 Rh8 17. Qe4 Qd7 18. Qg4 Rad8 19. Kh1 Bd6 20. h4 c5 21. dxc5 Bxc5 22. h5 e5 23. Qh4 Qd4 24. Bxf6 1/2-1/2

[Event "Schachbezirk Mittelfranken B BezEM 2025"]
[Site "Nürnberg"]
[Date "2025.06.08"]
[Round "5.5"]
[White "Waschner, Chili"]
[Black "Schlötterer, Hermann"]
[Result "1-0"]
[WhiteElo "1807"]
[BlackElo "1836"]
[PlyCount "77"]
[GameId "2192986287626587"]
[EventDate "2025.??.??"]
[WhiteTeam "Zabo-Eintracht Nürnberg e.V"]
[BlackTeam "Zabo-Eintracht Nürnberg e.V"]

1. d4 c5 2. d5 d6 3. Nc3 g6 4. e4 Bg7 5. f4 e5 6. Bb5+ Bd7 7. Nf3 Bxb5 8. Nxb5 Qa5+ 9. Nc3 exf4 10. Qd3 Nd7 11. Bxf4 Ne5 12. Nxe5 Bxe5 13. Bxe5 dxe5 14. Qb5+ Qxb5 15. Nxb5 Kd7 16. c4 a6 17. Nc3 Kd6 18. O-O Rf8 19. Rf3 h5 20. Raf1 Rh7 21. a3 f6 22. b4 Rhf7 23. Na4 cxb4 24. c5+ Kc7 25. axb4 f5 26. Nb6 f4 27. Nc4 g5 28. Nxe5 Rg7 29. d6+ Kd8 30. Nc4 Nf6 31. e5 Nd5 32. e6 Rf5 33. Rb3 g4 34. Na5 f3 35. c6 Nf4 36. Nxb7+ Kc8 37. d7+ Kb8 38. d8=Q+ Ka7 39. Qd4+ 1-0

[Event "Schachbezirk Mittelfranken B BezEM 2025"]
[Site "Nürnberg"]
[Date "2025.06.08"]
[Round "5.6"]
[White "Martick, Ralph"]
[Black "Hahn, Thomas"]
[Result "1/2-1/2"]
[WhiteElo "1737"]
[BlackElo "1832"]
[PlyCount "23"]
[GameId "2192995211693200"]
[EventDate "2025.??.??"]
[WhiteTeam "SV Postbauer e.V."]
[BlackTeam "Zabo-Eintracht Nürnberg e.V"]

1. b3 c5 2. Bb2 Nc6 3. e3 Nf6 4. Nf3 g6 5. d4 cxd4 6. Nxd4 Bg7 7. Be2 O-O 8. O-O a6 9. c4 Qc7 10. Nd2 d6 11. Bf3 Ne5 12. Be2 1/2-1/2

[Event "Schachbezirk Mittelfranken B BezEM 2025"]
[Site "Nürnberg"]
[Date "2025.06.08"]
[Round "5.7"]
[White "Bharathula, Agasthya"]
[Black "Süß, Helmut"]
[Result "1/2-1/2"]
[WhiteElo "1748"]
[BlackElo "1866"]
[PlyCount "115"]
[GameId "2192996109102320"]
[EventDate "2025.??.??"]
[WhiteTeam "NT Nürnberg 1873"]
[BlackTeam "NT Nürnberg"]

1. e4 g6 2. d4 Bg7 3. c3 d5 4. e5 c5 5. g3 cxd4 6. cxd4 Nc6 7. Ne2 Bf5 8. Nbc3 Nh6 9. Bg2 e6 10. Nb5 O-O 11. Nd6 f6 12. Bxh6 Bxh6 13. Nxf5 gxf5 14. Nf4 Qa5+ 15. Qd2 Qxd2+ 16. Kxd2 fxe5 17. dxe5 Nxe5 18. Rae1 Ng6 19. Rxe6 Bxf4+ 20. gxf4 Nxf4 21. Rd6 Rad8 22. Rxd8 Rxd8 23. Bf3 Kf7 24. Rc1 Rd7 25. Rc5 b6 26. Rc6 Ne6 27. Bh5+ Ke7 28. Rc3 Kf6 29. Be8 Rd8 30. Bb5 Nc5 31. Rh3 Ne4+ 32. Ke2 Rc8 33. Bd3 Rc7 34. f3 Nc5 35. Rh6+ Kg5 36. Rd6 Rd7 37. Rc6 Nxd3 38. Kxd3 Kf4 39. Ke2 d4 40. Rc4 Ke5 41. Kd3 Rd5 42. b4 b5 43. Rc7 Kf4 44. Rxh7 Kxf3 45. h4 Kg4 46. h5 Rd6 47. Rxa7 Kxh5 48. a4 bxa4 49. Rxa4 f4 50. b5 f3 51. b6 f2 52. Ra1 Kg4 53. b7 Rd8 54. Ke2 Rb8 55. Kxf2 Rxb7 56. Ra4 Rf7+ 57. Ke2 Rf4 58. Rc4 1/2-1/2

[Event "Schachbezirk Mittelfranken B BezEM 2025"]
[Site "Nürnberg"]
[Date "2025.06.08"]
[Round "5.8"]
[White "Nikolaiev, Hennadii"]
[Black "Walch, Roger"]
[Result "1-0"]
[WhiteElo "1698"]
[BlackElo "1804"]
[PlyCount "82"]
[GameId "2192998463652630"]
[EventDate "2025.??.??"]
[WhiteTeam "NT Nürnberg 1873"]
[BlackTeam "SW Nürnberg Süd"]

1. d4 Nf6 2. Nf3 d5 3. Bf4 e6 4. e3 Nbd7 5. Bd3 Be7 6. h3 O-O 7. Nbd2 c5 8. c3 c4 9. Bc2 b5 10. a3 Bb7 11. Qe2 Ne4 12. Ne5 f5 13. Nxd7 Qxd7 14. Be5 Bd6 15. Nf3 Qf7 16. Bxe4 Bxe5 17. Nxe5 Qe7 18. Bc2 g6 19. g3 a5 20. h4 b4 21. O-O Qg7 22. f4 h6 23. Kf2 b3 24. Bd1 Rf6 25. Rg1 Bc8 26. h5 g5 27. Ng6 g4 28. Rh1 Bd7 29. Rh4 Be8 30. Ne5 Ra7 31. Nxg4 Rf8 32. Ne5 Kh8 33. Qf3 Rg8 34. Be2 Qf6 35. Rh2 Rag7 36. Rg1 Rg4 37. Qh1 R8g7 38. Rh4 Rg8 39. Bxg4 fxg4 40. Re1 Rg5 41. e4 Qg7 1-0

[Event "Schachbezirk Mittelfranken B BezEM 2025"]
[Site "Nürnberg"]
[Date "2025.06.08"]
[Round "5.9"]
[White "Schwarzfischer, Andreas"]
[Black "Gottlieb, Michael"]
[Result "0-1"]
[WhiteElo "1350"]
[BlackElo "1789"]
[PlyCount "50"]
[GameId "2193001760617774"]
[EventDate "2025.??.??"]
[WhiteTeam "SW Nürnberg Süd e.V"]
[BlackTeam "SV Postbauer e.V."]

1. e4 e5 2. Nf3 Nc6 3. b3 Nf6 4. d3 Bc5 5. Bb2 Ng4 6. d4 exd4 7. Bxd4 Nxd4 8. Nxd4 Qf6 9. Qxg4 Qxd4 10. Qf4 Qxa1 11. Qc1 Qd4 12. Qf4 Bb4+ 13. c3 Bxc3+ 14. Nxc3 Qxc3+ 15. Qd2 Qxd2+ 16. Kxd2 a5 17. a4 b6 18. f4 Ba6 19. Kc3 O-O 20. Bc4 Bxc4 21. Kxc4 Rfe8 22. e5 Re6 23. Rd1 Rd8 24. g4 d6 25. Kb5 f6 0-1

[Event "Schachbezirk Mittelfranken B BezEM 2025"]
[Site "Nürnberg"]
[Date "2025.06.08"]
[Round "5.10"]
[White "Ratushnyi, Artur"]
[Black "Müller, Gerhard"]
[Result "1-0"]
[WhiteElo "1694"]
[BlackElo "1780"]
[PlyCount "69"]
[GameId "2193070906260488"]
[EventDate "2025.??.??"]
[WhiteTeam "SW Nürnberg Süd e.V"]
[BlackTeam "SW Nürnberg Süd"]

1. e4 c5 2. Nc3 e6 3. f4 a6 4. a4 Nc6 5. Nf3 Nd4 6. d3 d6 7. Be3 Qb6 8. b3 Nf6 9. a5 Qc7 10. Be2 Nc6 11. O-O Nxa5 12. d4 c4 13. b4 Nc6 14. b5 Nb8 15. d5 Nbd7 16. b6 Nxb6 17. Qb1 Nbd7 18. dxe6 fxe6 19. Rd1 Ng4 20. Bc1 Qc5+ 21. Nd4 e5 22. Bxg4 exd4 23. Ba3 Qa7 24. Nd5 d3+ 25. Kh1 dxc2 26. Qxc2 b5 27. Qe2 Nc5 28. e5 Bxg4 29. Qxg4 Qb8 30. exd6 Qxd6 31. Re1+ Kd8 32. Rad1 Qh6 33. Nb6+ Kc7 34. Nxa8+ Kb8 35. Re8+ 1-0

[Event "Schachbezirk Mittelfranken B BezEM 2025"]
[Site "Nürnberg"]
[Date "2025.06.08"]
[Round "5.11"]
[White "Babichev, Vyacheslav"]
[Black "Barnowski, Roman"]
[Result "1-0"]
[WhiteElo "1779"]
[BlackElo "1740"]
[PlyCount "119"]
[GameId "2193073036574009"]
[EventDate "2025.??.??"]
[WhiteTeam "SW Nürnberg Süd e.V"]
[BlackTeam "SW Nürnberg Süd"]

1. d4 Nf6 2. c4 e6 3. Nc3 Bb4 4. Bg5 h6 5. Bd2 O-O 6. e3 Re8 7. a3 Bxc3 8. Bxc3 Ne4 9. Bb4 a5 10. Bc3 Qf6 11. Qc2 d5 12. c5 Bd7 13. Nf3 Rd8 14. Bd3 Nxc3 15. Qxc3 Nc6 16. O-O Ne7 17. Ne5 Ng6 18. Nxd7 Rxd7 19. c6 bxc6 20. Qxc6 Qd8 21. Bxg6 fxg6 22. Qxe6+ Kh7 23. Rac1 Rd6 24. Qe5 Rb8 25. Rc2 Rbb6 26. Rfc1 c6 27. h3 Qd7 28. Rb1 Rb8 29. b4 Re8 30. Qg3 a4 31. Rc5 Rf6 32. Ra5 Qf5 33. Rc1 Qd3 34. Rxa4 Qd2 35. Rf1 Ref8 36. f4 g5 37. Ra7 Rg6 38. f5 Rgf6 39. Qe5 Qd3 40. g4 Qe2 41. Rf2 Qd1+ 42. Kg2 h5 43. Qg3 hxg4 44. Qxg4 Qb1 45. Qxg5 Qe4+ 46. Kg1 R8f7 47. Rxf7 Rxf7 48. Qg6+ Kg8 49. Qe6 Qh4 50. Kg2 Qh5 51. Qg6 Qd1 52. Qxc6 Rf6 53. Qxd5+ Kh7 54. Qc4 Qh5 55. e4 Rh6 56. Qd3 Qg5+ 57. Qg3 Qf6 58. e5 Qc6+ 59. Kh2 Qe4 60. Rg2 1-0

[Event "Schachbezirk Mittelfranken B BezEM 2025"]
[Site "Nürnberg"]
[Date "2025.06.08"]
[Round "5.12"]
[White "Khachatryan, Avetis"]
[Black "Atturi, Sathwik Reddy"]
[Result "1-0"]
[WhiteElo "1768"]
[BlackElo "1729"]
[PlyCount "155"]
[GameId "2193133605584746"]
[EventDate "2025.??.??"]
[WhiteTeam "SG Eckental"]
[BlackTeam "Zabo-Eintracht Nürnberg e.V"]

1. e4 e5 2. Nf3 Nc6 3. d4 exd4 4. Nxd4 Bc5 5. Be3 Qf6 6. c3 Nge7 7. Be2 O-O 8. O-O Bb6 9. Na3 d6 10. Nac2 Be6 11. Qd2 Rad8 12. Bg5 Qg6 13. Nxc6 Nxc6 14. Bxd8 Rxd8 15. Bd3 Bh3 16. Ne1 Ne5 17. Kh1 Nxd3 18. Qxd3 Be6 19. a4 a6 20. a5 Ba7 21. Qe2 h6 22. Nc2 Qg5 23. Nd4 Qf6 24. Nxe6 Qxe6 25. f3 Re8 26. Qd2 f6 27. Rfe1 Qc4 28. Qd5+ Qxd5 29. exd5 Be3 30. Re2 Re5 31. Rae1 Bg5 32. Rxe5 fxe5 33. Rd1 Kf7 34. b4 Ke7 35. c4 Bf6 36. Kg1 Kd7 37. Kf2 Ke7 38. Ke3 Bg5+ 39. Ke4 Ke8 40. g3 Ke7 41. h4 Bf6 42. b5 Kd7 43. bxa6 bxa6 44. Rd2 Be7 45. Kf5 Bf6 46. Rh2 Kd8 47. g4 Kd7 48. g5 hxg5 49. hxg5 Be7 50. Rh7 Bf8 51. Kg6 Ke7 52. Rxg7+ Bxg7 53. Kxg7 e4 54. fxe4 c5 55. Kh7 Kf7 56. g6+ Kf6 57. g7 Ke5 58. g8=Q Kd4 59. Qg7+ Kxc4 60. Qb2 Kd3 61. e5 dxe5 62. Qxe5 c4 63. d6 c3 64. Qxc3+ Kxc3 65. d7 Kc4 66. d8=Q Kc5 67. Qb6+ Kc4 68. Qxa6+ Kc5 69. Qb7 Kc4 70. a6 Kc5 71. a7 Kc4 72. a8=Q Kc5 73. Qaa6 Kd4 74. Qbb5 Ke3 75. Qaa4 Kf2 76. Qbb3 Kg1 77. Qaa2 Kh1 78. Qbb1# 1-0

[Event "Schachbezirk Mittelfranken B BezEM 2025"]
[Site "Nürnberg"]
[Date "2025.06.08"]
[Round "5.13"]
[White "Galter, Norbert"]
[Black "Chitluri, Prajna Sai"]
[Result "1-0"]
[WhiteElo "1690"]
[BlackElo "1584"]
[PlyCount "91"]
[GameId "2193137607446400"]
[EventDate "2025.??.??"]
[WhiteTeam "Zabo-Eintracht Nürnberg e.V"]
[BlackTeam "SW Nürnberg Süd e.V"]

1. d4 d5 2. c4 c6 3. Nc3 Nf6 4. e3 Bf5 5. cxd5 cxd5 6. Qb3 Qd7 7. Nf3 Nc6 8. Ne5 Qd8 9. Qxb7 Nxe5 10. dxe5 Ng4 11. Bb5+ Bd7 12. Bxd7+ Qxd7 13. Qxa8+ Qd8 14. Qxd8+ Kxd8 15. Nxd5 Nxe5 16. O-O e6 17. Nc3 Bb4 18. Rd1+ Ke7 19. a3 Bc5 20. b4 Bb6 21. Na4 Bc7 22. Nc5 Re8 23. Bb2 h6 24. Rac1 f6 25. Bxe5 Bxe5 26. Rd7+ Kf8 27. Rxa7 Bd6 28. Rd1 Bxc5 29. bxc5 Rb8 30. g3 Kg8 31. c6 Rc8 32. c7 Kh7 33. Rd8 Rxc7 34. Rxc7 e5 35. Rdd7 Kg6 36. Rxg7+ Kf5 37. g4+ Ke4 38. Rg6 Kf3 39. Rxf6+ Kxg4 40. Rg7+ Kh5 41. Rh7 Kg5 42. Rhxh6 e4 43. h4+ Kg4 44. Rhg6+ Kh3 45. Rg3+ Kxh4 46. Rh6# 1-0

[Event "Schachbezirk Mittelfranken B BezEM 2025"]
[Site "Nürnberg"]
[Date "2025.06.08"]
[Round "5.14"]
[White "Pickl, Dennis"]
[Black "Bharathula, Akhila"]
[Result "1-0"]
[WhiteElo "1000"]
[BlackElo "1616"]
[PlyCount "107"]
[GameId "2193140704379310"]
[EventDate "2025.??.??"]
[WhiteTeam "SG Büchenbach/Roth"]
[BlackTeam "NT Nürnberg 1873"]

1. d4 d5 2. Bf4 Nf6 3. Nc3 Bf5 4. Nb5 Na6 5. e3 c6 6. Nc3 e6 7. f3 Nc7 8. g4 Bg6 9. h4 h5 10. g5 Nh7 11. Bd3 f5 12. gxf6 Bxd3 13. Qxd3 Nxf6 14. Qg6+ Kd7 15. Nh3 Qe8 16. Qd3 Rd8 17. O-O-O Kc8 18. Ng5 Bd6 19. Bxd6 Rxd6 20. Na4 b6 21. Qa3 Nb5 22. Qd3 Rf8 23. b3 e5 24. c4 Nc7 25. c5 bxc5 26. dxc5 Rd7 27. Rhe1 e4 28. Qe2 Qe5 29. Rd4 Nb5 30. f4 Nxd4 31. Qa6+ Kb8 32. fxe5 Nxb3+ 33. axb3 Ng4 34. Qxc6 Nxe5 35. Qb5+ Rb7 36. Nb6 Nd3+ 37. Kd2 axb6 38. cxb6 Nxe1 39. Kxe1 Rc8 40. Ne6 Rc1+ 41. Kd2 Rc8 42. Qxd5 Rxb6 43. Qe5+ Ka7 44. Nd4 Ka6 45. Qxg7 Rd8 46. Qe7 Rdd6 47. Qxe4 Rxb3 48. Qa8+ Kb6 49. Qb8+ Kc5 50. Qxb3 Rb6 51. Qc3+ Kd5 52. Qa5+ Rb5 53. Qxb5+ Ke4 54. Qf5# 1-0

[Event "Schachbezirk Mittelfranken B BezEM 2025"]
[Site "Nürnberg"]
[Date "2025.06.08"]
[Round "5.15"]
[White "Steindl, Horst"]
[Black "Sarcevic, Ivo"]
[Result "1-0"]
[WhiteElo "1309"]
[BlackElo "1693"]
[PlyCount "137"]
[GameId "2193144574190884"]
[EventDate "2025.??.??"]
[WhiteTeam "SC Schwarz-Weiß Nürnberg Süd e.V"]
[BlackTeam "SW Nürnberg Süd"]

1. d4 d5 2. Bf4 g6 3. Nf3 Bg7 4. e3 Nf6 5. Bb5+ c6 6. Bd3 O-O 7. O-O Bg4 8. Nbd2 Ne4 9. Nxe4 dxe4 10. Bxe4 Nd7 11. Bd3 Nf6 12. Be2 Nd5 13. Bg3 Re8 14. Nd2 Bxe2 15. Qxe2 Nf6 16. Be5 Bf8 17. Bxf6 exf6 18. c3 b5 19. b4 a5 20. a3 axb4 21. cxb4 f5 22. f4 Bg7 23. Nf3 Bxd4 24. Rad1 Bxe3+ 25. Kh1 Qb6 26. Qa2 Bxf4 27. Rd7 Rf8 28. g3 Ra7 29. Rxa7 Qxa7 30. gxf4 Ra8 31. Ne5 Qe7 32. Nxc6 Qe4+ 33. Qg2 Rxa3 34. Qxe4 fxe4 35. f5 Rf3 36. Rxf3 exf3 37. fxg6 fxg6 38. Kg1 g5 39. h3 Kf7 40. Ne5+ Ke6 41. Nxf3 Kd5 42. Nxg5 h5 43. Kf2 Kc4 44. Ke2 Kxb4 45. Kd1 Kb3 46. Kc1 b4 47. Kb1 Kc3 48. Ne6 b3 49. Nf4 h4 50. Ng2 Kd3 51. Nxh4 Ke3 52. Ng2+ Kf3 53. h4 Kg4 54. Kb2 Kh5 55. Kxb3 Kg4 56. Kc3 Kh5 57. Kd3 Kg4 58. Ke3 Kh5 59. Kf4 Kg6 60. Kg4 Kh6 61. Nf4 Kg7 62. Kg5 Kh7 63. h5 Kg7 64. h6+ Kh7 65. Ne6 Kg8 66. Kg6 Kh8 67. Ng5 Kg8 68. h7+ Kh8 69. Nf7# 1-0

[Event "Schachbezirk Mittelfranken B BezEM 2025"]
[Site "Nürnberg"]
[Date "2025.06.08"]
[Round "5.16"]
[White "Majid, Hakim"]
[Black "Nüßlein, Christian Thomas"]
[Result "1-0"]
[WhiteElo "1613"]
[BlackElo "1851"]
[PlyCount "61"]
[GameId "2193149128116432"]
[EventDate "2025.??.??"]
[WhiteTeam "SW Nürnberg Süd"]
[BlackTeam "SC Anderssen Nürnberg"]

1. e4 e5 2. Nf3 Nf6 3. Nc3 Nc6 4. Bc4 d6 5. O-O Nxe4 6. Bxf7+ Kxf7 7. Nxe4 Be7 8. d4 Bg4 9. Nfg5+ Bxg5 10. Qxg4 Bf6 11. dxe5 Nxe5 12. Qf5 Qd7 13. Qh5+ Ng6 14. Qd5+ Qe6 15. Qd3 Ne5 16. Qg3 Rhf8 17. Bg5 Rg8 18. Bxf6 gxf6 19. Qe3 h5 20. Rae1 Rg6 21. f4 Ng4 22. Qf3 Qxa2 23. Ng3 Qxb2 24. Qd5+ Kf8 25. h3 Qb6+ 26. Kh1 Nf2+ 27. Kh2 Rd8 28. Qxh5 Rg7 29. Qh8+ Kf7 30. Qxd8 Qd4 31. Qe8# 1-0

[Event "Schachbezirk Mittelfranken B BezEM 2025"]
[Site "Nürnberg"]
[Date "2025.06.09"]
[Round "6.1"]
[White "Schäfer, Ann-Kathrin"]
[Black "Waschner, Chili"]
[Result "1/2-1/2"]
[WhiteElo "1795"]
[BlackElo "1807"]
[PlyCount "42"]
[GameId "2193152126589888"]
[EventDate "2025.??.??"]
[WhiteTeam "SC JÄKLECHEMIE"]
[BlackTeam "Zabo-Eintracht Nürnberg e.V"]

1. d4 c6 2. Nf3 Nf6 3. e3 d5 4. Bd3 Bg4 5. Nbd2 Nbd7 6. h3 Bh5 7. g4 Bg6 8. Bxg6 hxg6 9. g5 Ng8 10. e4 e6 11. c4 Ne7 12. c5 dxe4 13. Nxe4 Nf5 14. Bf4 b6 15. b4 a5 16. a3 axb4 17. axb4 Rxa1 18. Qxa1 Nh4 19. Nxh4 Rxh4 20. Nd6+ Bxd6 21. Bxd6 bxc5 1/2-1/2

[Event "Schachbezirk Mittelfranken B BezEM 2025"]
[Site "Nürnberg"]
[Date "2025.06.09"]
[Round "6.2"]
[White "Dippel, Jörg"]
[Black "Balhar, Michael"]
[Result "1/2-1/2"]
[WhiteElo "1901"]
[BlackElo "1831"]
[PlyCount "43"]
[GameId "2193153332366526"]
[EventDate "2025.??.??"]
[WhiteTeam "Anderssen Nbg 1929 e.V."]
[BlackTeam "SC Erlangen 48/88"]

1. e4 c5 2. Nc3 e6 3. f4 Nc6 4. Nf3 d5 5. Bb5 Nge7 6. O-O a6 7. Be2 dxe4 8. Nxe4 Nd5 9. d3 Be7 10. c3 O-O 11. Kh1 Nf6 12. Qc2 Qc7 13. g3 b5 14. Nxf6+ Bxf6 15. Kg1 e5 16. fxe5 Nxe5 17. Bf4 Bb7 18. Rac1 Rae8 19. Qd1 Qd7 20. Nxe5 Bxe5 21. Bxe5 Rxe5 22. Bf3 1/2-1/2

[Event "Schachbezirk Mittelfranken B BezEM 2025"]
[Site "Nürnberg"]
[Date "2025.06.09"]
[Round "6.3"]
[White "Weißmann, Peter"]
[Black "Lang, Franz"]
[Result "1/2-1/2"]
[WhiteElo "1813"]
[BlackElo "1782"]
[PlyCount "35"]
[GameId "2193154829590006"]
[EventDate "2025.??.??"]
[WhiteTeam "SG 1882 Fürth"]
[BlackTeam "SG Eckental"]

1. e4 d6 2. d4 Nf6 3. Nc3 e5 4. dxe5 dxe5 5. Qxd8+ Kxd8 6. Bg5 Nbd7 7. O-O-O c6 8. f4 Ke8 9. Nf3 Bb4 10. fxe5 Bxc3 11. exf6 Bxf6 12. Bxf6 Nxf6 13. Bd3 Ke7 14. Rhf1 Re8 15. h3 h6 16. Nd4 Kf8 17. Rde1 Bd7 18. Nf3 1/2-1/2

[Event "Schachbezirk Mittelfranken B BezEM 2025"]
[Site "Nürnberg"]
[Date "2025.06.09"]
[Round "6.4"]
[White "Gottlieb, Michael"]
[Black "Martick, Ralph"]
[Result "1/2-1/2"]
[WhiteElo "1789"]
[BlackElo "1737"]
[PlyCount "55"]
[GameId "2193155798535877"]
[EventDate "2025.??.??"]
[WhiteTeam "SV Postbauer e.V."]
[BlackTeam "SV Postbauer e.V."]

1. d4 d5 2. c4 e5 3. dxe5 d4 4. Nf3 Nc6 5. Nbd2 Bb4 6. a3 Bxd2+ 7. Bxd2 Nge7 8. b4 Ng6 9. Bg5 Qd7 10. e6 Qxe6 11. b5 Nce5 12. Qxd4 Nxf3+ 13. gxf3 O-O 14. Qe4 f6 15. Bd2 Qf7 16. f4 Re8 17. Qc2 Nh4 18. O-O-O Bf5 19. Qc3 a6 20. f3 axb5 21. e4 Be6 22. cxb5 Ra4 23. Be1 Qe7 24. Kb2 f5 25. Bxh4 Qxh4 26. exf5 Bf7 27. Rd7 c6 28. Rd2 1/2-1/2

[Event "Schachbezirk Mittelfranken B BezEM 2025"]
[Site "Nürnberg"]
[Date "2025.06.09"]
[Round "6.5"]
[White "Schlötterer, Hermann"]
[Black "Werner, Norbert"]
[Result "1-0"]
[WhiteElo "1836"]
[BlackElo "1771"]
[PlyCount "84"]
[GameId "2193158011375519"]
[EventDate "2025.??.??"]
[WhiteTeam "Zabo-Eintracht Nürnberg e.V"]
[BlackTeam "SW Nürnberg Süd e.V"]

1. d4 d5 2. c4 dxc4 3. Nc3 e5 4. Qa4+ c6 5. dxe5 b5 6. Qc2 Be6 7. Nf3 h6 8. e4 Bc5 9. Be2 Ne7 10. O-O Ng6 11. Nd1 Nd7 12. Be3 Qb6 13. b3 cxb3 14. axb3 Bxe3 15. Nxe3 Ndxe5 16. Nxe5 Nxe5 17. Qc3 f6 18. Bh5+ Nf7 19. e5 f5 20. Bg6 b4 21. Qc2 O-O 22. Nc4 Qc5 23. Ra5 Qe7 24. Bxf5 Kh8 25. Bxe6 Qxe6 26. f4 g6 27. Qf2 Ng5 28. Qe3 Nf7 29. Rfa1 Rfd8 30. Rxa7 Rxa7 31. Qxa7 g5 32. Qe3 gxf4 33. Qxf4 Re8 34. Rf1 Nxe5 35. Nxe5 Qxe5 36. Qxh6+ Kg8 37. Qxc6 Qe3+ 38. Kh1 Kg7 39. Qf6+ Kg8 40. Qf7+ Kh8 41. h4 Rg8 42. Qh5+ Kg7 1-0

[Event "Schachbezirk Mittelfranken B BezEM 2025"]
[Site "Nürnberg"]
[Date "2025.06.09"]
[Round "6.6"]
[White "Nikolaiev, Hennadii"]
[Black "Babichev, Vyacheslav"]
[Result "1/2-1/2"]
[WhiteElo "1698"]
[BlackElo "1779"]
[PlyCount "88"]
[GameId "2193325042094535"]
[EventDate "2025.??.??"]
[WhiteTeam "NT Nürnberg 1873"]
[BlackTeam "SW Nürnberg Süd e.V"]

1. d4 Nf6 2. Bf4 e6 3. e3 Be7 4. Nd2 d5 5. Bd3 O-O 6. Ngf3 Nbd7 7. h3 c5 8. c3 c4 9. Bc2 b5 10. a3 Nh5 11. Bh2 f5 12. Ne5 Nxe5 13. Bxe5 Nf6 14. Qe2 Bd6 15. Nf3 Bxe5 16. Nxe5 Qe8 17. g4 Nd7 18. f4 Nxe5 19. fxe5 a5 20. Kd2 f4 21. exf4 Rxf4 22. Rhf1 Qf8 23. Ke3 g5 24. Qg2 Ra7 25. Rxf4 Qxf4+ 26. Ke2 Rf7 27. Rf1 Qxf1+ 28. Qxf1 Rxf1 29. Kxf1 Kg7 30. Kf2 Bd7 31. Kg3 h6 32. h4 Kf7 33. hxg5 hxg5 34. Kf3 Ke7 35. Ke3 Kd8 36. Kd2 Be8 37. Bh7 Bf7 38. Kc2 Kd7 39. b3 cxb3+ 40. Kxb3 Kc6 41. Bd3 Kb6 42. Bc2 Be8 43. Bh7 Bf7 44. Bd3 Be8 1/2-1/2

[Event "Schachbezirk Mittelfranken B BezEM 2025"]
[Site "Nürnberg"]
[Date "2025.06.09"]
[Round "6.7"]
[White "Ratushnyi, Artur"]
[Black "Khachatryan, Avetis"]
[Result "1/2-1/2"]
[WhiteElo "1694"]
[BlackElo "1768"]
[PlyCount "45"]
[GameId "2194138727650959"]
[EventDate "2025.??.??"]
[WhiteTeam "SW Nürnberg Süd e.V"]
[BlackTeam "SG Eckental"]

1. e4 e6 2. d4 d5 3. exd5 exd5 4. Nf3 Bg4 5. h3 Bh5 6. Bd3 Nf6 7. O-O Be7 8. Re1 O-O 9. Bg5 Nbd7 10. Nbd2 c6 11. c3 Re8 12. Qc2 Bg6 13. Re2 Nf8 14. Rae1 Ne6 15. Bxg6 hxg6 16. Bh4 Nh7 17. Bxe7 Rxe7 18. g3 Qc7 19. Ne5 Rae8 20. Ndf3 Neg5 21. Kg2 Nxf3 22. Nxf3 Nf6 23. Ne5 1/2-1/2

[Event "Schachbezirk Mittelfranken B BezEM 2025"]
[Site "Nürnberg"]
[Date "2025.06.09"]
[Round "6.9"]
[White "Hahn, Thomas"]
[Black "Jain, Vihaan"]
[Result "1/2-1/2"]
[WhiteElo "1832"]
[BlackElo "1623"]
[PlyCount "90"]
[GameId "2194139624068781"]
[EventDate "2025.??.??"]
[WhiteTeam "Zabo-Eintracht Nürnberg e.V"]
[BlackTeam "SK 1911 Herzogenaurach e.V."]

1. e4 c6 2. e5 d5 3. exd6 exd6 4. d4 d5 5. Bd3 Nf6 6. Nf3 Bg4 7. O-O Be7 8. Bf4 O-O 9. c3 Nbd7 10. Nbd2 Re8 11. Qc2 c5 12. Rae1 c4 13. Bf5 Bxf5 14. Qxf5 g6 15. Qc2 Nh5 16. Be5 f6 17. Bg3 Nxg3 18. fxg3 Qc7 19. Re2 Bd6 20. Ref2 Rf8 21. Nh4 Kg7 22. Qd1 f5 23. Nhf3 Rae8 24. Re1 Nf6 25. Rfe2 Qd7 26. Ne5 Bxe5 27. dxe5 Ne4 28. Nxc4 Qc6 29. Nd6 Rxe5 30. Nxe4 dxe4 31. Qd4 Qc5 32. Qxc5 Rxc5 33. g4 h5 34. gxf5 gxf5 35. Kf2 Kf6 36. Kg3 Kg5 37. Rd1 Rf7 38. Rd8 Rg7 39. h3 h4+ 40. Kf2 Kf4 41. Rh8 Kg5 42. Ke3 Rd5 43. Rf8 Rd3+ 44. Kf2 Kf4 45. Rh8 Kg5 1/2-1/2

[Event "Schachbezirk Mittelfranken B BezEM 2025"]
[Site "Nürnberg"]
[Date "2025.06.09"]
[Round "6.10"]
[White "Galter, Norbert"]
[Black "Bharathula, Agasthya"]
[Result "0-1"]
[WhiteElo "1690"]
[BlackElo "1748"]
[PlyCount "106"]
[GameId "2194142149716090"]
[EventDate "2025.??.??"]
[WhiteTeam "Zabo-Eintracht Nürnberg e.V"]
[BlackTeam "NT Nürnberg 1873"]

1. d4 d5 2. c4 e6 3. Nf3 Nf6 4. Nc3 Nbd7 5. Bf4 c6 6. e3 Qa5 7. Qc2 Ne4 8. Bd3 Nxc3 9. bxc3 h6 10. O-O Be7 11. cxd5 cxd5 12. Rab1 O-O 13. Rb5 Qd8 14. c4 a6 15. Rb3 dxc4 16. Bxc4 b5 17. Bd3 Bb7 18. Be2 Rc8 19. Rc3 Rxc3 20. Qxc3 Qc8 21. Rc1 Nb6 22. Ne5 Nd5 23. Qxc8 Rxc8 24. Rxc8+ Bxc8 25. Nc6 Nxf4 26. Nxe7+ Kf8 27. exf4 Kxe7 28. Bf3 b4 29. d5 exd5 30. Bxd5 Be6 31. Bxe6 Kxe6 32. Kf1 Kd5 33. Ke1 Kc4 34. Kd2 a5 35. Kc2 a4 36. g4 b3+ 37. axb3+ axb3+ 38. Kb2 Kd3 39. Kxb3 Ke2 40. Kc4 Kxf2 41. Kd4 Kf3 42. g5 hxg5 43. fxg5 Kg4 44. Ke4 Kxg5 45. Kf3 Kh4 46. Kg2 f5 47. Kh1 Kh3 48. Kg1 g5 49. Kh1 g4 50. Kg1 f4 51. Kh1 f3 52. Kg1 f2+ 53. Kh1 f1=Q# 0-1